00963nam a2200265 i 45000010005000000030009000050050017000140070003000310080041000340200018000750800015000931000050001082450100001582500012002582600061002703000030003315000015003615040028003766500054004047000035004587100045004938520022005389990015005609520122005759939ES-MaACL20230906145805.0t|940525s1993 sp a |||| | spa d a84-451-0729-1 a634(464.1)1 aCantero Desmartines, Francisco Javier.93465310aÁrboles singulares de Madrid / cFrancisco Javier Cantero Desmartines, Antonio López Lillo. a1ª ed. aMadrid : bComunidad, Agencia de Medio Ambiente, c1993. a789 p. : bil. ; c29 cm. aÍndices. aBibliografía: p. 773.14aÁrboles-zMadrid (Comunidad Autónoma)91683301 aLópez Lillo, Antonio.9737242 aAgencia de Medio Ambiente (Madrid)91263 aES-MaACLjL-17472 c9939d9939 00104070aATENEOMbATENEOMcDEPO2d2008-01-17eSCl0oL-17472p1010146r2023-02-23 00:00:00w2023-02-23yMONOGRAFIA